| 000 | 00444nam a2200217Ia 4500 | ||
|---|---|---|---|
| 003 | IT-RoPAU | ||
| 008 | 120407s9999 xx 000 0 und d | ||
| 040 | _aIT-RoPAU | ||
| 040 | _cIT-RoPAU | ||
| 041 | _alat | ||
| 100 | _aLudovicus Wouters | ||
| 100 | _ccssr | ||
| 245 | _aManuale theologiae moralis. | ||
| 250 | _aBrugis | ||
| 260 | _aBeyaert | ||
| 260 | _c1932 | ||
| 300 | _c25 cm | ||
| 490 | _v1 | ||
| 942 | _cBK | ||
| 999 |
_c23809 _d23809 |
||